Soil conservation districts in action on the land / (Record no. 10146)

MARC details
000 -LEADER
fixed length control field 01002cam a22002771a 4500
001 - CONTROL NUMBER
control field agr41000544
003 - CONTROL NUMBER IDENTIFIER
control field DLC
005 - DATE AND TIME OF LATEST TRANSACTION
control field 20260227111000.0
008 - FIXED-LENGTH DATA ELEMENTS--GENERAL INFORMATION
fixed length control field 810223s1941 dcuab f000 0 eng c
010 ## - LIBRARY OF CONGRESS CONTROL NUMBER
LC control number agr41000544
035 ## - SYSTEM CONTROL NUMBER
System control number (OCoLC)7146517
040 ## - CATALOGING SOURCE
Original cataloging agency U.S. Dept. of Agr. Lib.
Transcribing agency NSbSU
Modifying agency NSbSU
-- DNAL
-- DLC
043 ## - GEOGRAPHIC AREA CODE
Geographic area code n-us---
050 00 - LIBRARY OF CONGRESS CALL NUMBER
Classification number S21
Item number .A46 no. 448
051 ## - LIBRARY OF CONGRESS COPY, ISSUE, OFFPRINT STATEMENT
Classification number S623
Item number .R86
070 0# - NATIONAL AGRICULTURAL LIBRARY CALL NUMBER
Classification number 1
Item number Ag84M no.448
072 0# - SUBJECT CATEGORY CODE
Subject category code J800
100 1# - MAIN ENTRY--PERSONAL NAME
Personal name Rule, Glenn K.
Fuller form of name (Glenn Kenton),
Dates associated with a name 1893-
245 10 - TITLE STATEMENT
Title Soil conservation districts in action on the land /
Statement of responsibility, etc. by Glenn K. Rule.
260 ## - PUBLICATION, DISTRIBUTION, ETC.
Place of publication, distribution, etc. Washington, D.C. :
Name of publisher, distributor, etc. U.S. Dept. of Agriculture,
Date of publication, distribution, etc. 1941.
300 ## - PHYSICAL DESCRIPTION
Extent 25 p. :
Other physical details ill., maps ;
Dimensions 27 cm.
490 1# - SERIES STATEMENT
Series statement Miscellaneous publication / United States Department of Agriculture ;
Volume/sequential designation no. 448
500 ## - GENERAL NOTE
General note Contribution from Soil Conservation Service.
650 #0 - SUBJECT ADDED ENTRY--TOPICAL TERM
Topical term or geographic name entry element Soil conservation
Geographic subdivision United States.
830 #0 - SERIES ADDED ENTRY--UNIFORM TITLE
Uniform title Miscellaneous publication (United States. Department of Agriculture) ;
Volume/sequential designation no. 448.

No items available.

Powered by Koha